Las estrategias de desarrollo como ideologías

Guardado en:
Bibliografiske detaljer
Hovedforfatter: Kesselman, Ricardo
Format: Texto
Udgivet: Buenos Aires: Impresiones Schmidel
Tags: Tilføj Tag
Ingen Tags, Vær først til at tagge denne postø!

MARC

LEADER 00000 a a2200000 04500
001 22167
003
040
090 |a 150200  
100 |a Kesselman, Ricardo  
245 |a Las estrategias de desarrollo como ideologías  
260 |a Buenos Aires:   |b Impresiones Schmidel  
300 |a 148 p.  
999 |c 2211  |d 2211